000 00264nam a2200097Ia 4500
008 240331s9999 xx 000 0 und d
082 _bLAK
100 _aLakshmi, C.S
245 0 _aSolatha kathaikal :
_bvaai moli varalattu payilarankil pennkalin pathivukal
942 _cL
999 _c4340
_d4340